• 首页
  • 本馆介绍
  • 公告通知
  • 最新文献
  • 馆藏检索
  • 电子资源
  • 读者导购
  • 参考咨询
  • 我的图书馆
  • 登录
  • 详细信息显示
  • 放入我的书架
  • 预约/预借图书
  • 作者相关作品
  • 分类相关作品
  • 丛书相关作品
  • 出版社相关作品

书目信息

  • 表格格式
  • 工作单格式
  • 卡片格式
题名:
精密齿轮制造
    
 
作者: 蔡伯耶夫 著 ;胡汉章 译
分册:  
出版信息: 北京   机械工业出版社  1955
页数: 193页
开本: 20cm
丛书名:
单 册:
中图分类: TG61
科图分类:
主题词: 齿轮加工 , 齿轮加工机床
电子资源:
ISBN:
000 00637nam0 2200217 450
001 0640507463
005 20060323111724.12
010    @dCNY1.10
100    @a20060323d1955 km y0chiy0120 ea
101 0  @achi
102    @aCN@b110000
200 1  @a精密齿轮制造@Ajing mi chi lun zhi zao@f(苏)Н·П·蔡伯耶夫著@F(su)Н·П·cai bo ye fu zhu@g胡汉章译@Ghu han zhang yi
210    @a北京@c机械工业出版社@d1955
215 1  @a193页@d20cm
606 0  @a齿轮加工
606 0  @a齿轮加工机床
690    @aTG61@v4
701  0 @a蔡伯耶夫@Acai bo ye fu@4著
702  0 @a胡汉章@Ahu han zhang@4译
801  0 @aCN@bPFT@c20060323
905    @a10447@dTG61@e11
    
    精密齿轮制造/(苏)Н·П·蔡伯耶夫著/胡汉章译.-北京:机械工业出版社,1955
    193页;20cm
    
    
    ISBN :CNY1.10
    
●
相关链接 在E读中查询图书 在五车中查询图书 在当当中查询图书 在豆瓣中查询图书


正题名:精密齿轮制造     索取号:TG61/11         预约/预借

序号 登录号 条形码 馆藏地/架位号 状态 备注
1 0016996   202208841   密集书库/ [索取号:TG61/11] 在馆    
唐山师范学院图书馆 欢迎您!
大连网信软件有限公司© 版权所有